000 00649nam a2200229Ia 4500
003 OSt
005 20220926025109.0
006 a|||||r|||| 00| 0
007 ta
008 220923b |||||||| |||| 00| 0 eng d
037 _cGeneral Book
040 _aRTL
_cRTL
_beng
041 _2eng
_aeng
082 _aY, M7
100 _aAtkinson G B J and others
_9331840
245 0 _aStudying society
_bAn introduction to social science
260 _aOxford
_bOxford University Press
_c1987
300 _avii, 168p
_ccm.
650 _aSociology
942 _hY, M7
_cGB
_2CC
999 _c646244
_d646244